00437nam a2200157Ia 4500003000400000008004100004040001600045082001800061100001900079245005900098700002000157260004300177300001000220650001600230650003300246GCL140319s9999 xx 000 0 eng d aGCL / cGCL04a659.1042bL S1 aLEISS, WILLIAM10aSocial Communication in Advertising / cLEISS, WILLIAM1 aKLINE, STEPHEN. aانجلترا : bROUTLEDGE ، c1990 a426 P04aADVERTISING04aADVERTISING - SOCIAL ASPECTS